| 000 | 01145cam9a220027700 4500 | ||
|---|---|---|---|
| 001 | lce00968523 | ||
| 008 | 700717s1969 nyua b 101 0 eng | ||
| 010 | _a 74013890 | ||
| 020 | _c6.00 | ||
| 035 | _a(Sirsi) r96038 | ||
| 035 | _a(DLC) 74013890 | ||
| 035 | _a(UPRA)lce00968523 | ||
| 040 | _dUPRA | ||
| 050 | 0 |
_aTS1548.5 _b.H47 |
|
| 082 | _a667/.4 | ||
| 245 | 0 | 0 |
_aHigh temperature resistant fibers from organic polymers : _bAmerican Chemical Society symposium / _cedited by J. Preston. |
| 260 |
_aNew York : _bInterscience Publishers, _c[c1969] |
||
| 440 | 0 |
_aApplied polymer symposia ; _vno. 9 _6S9003.1 |
|
| 500 | _aContains mainly papers presented at a symposium held at the 156th meeting of the American Chemical Society, Sept. 9-11, 1968, Atlantic City. | ||
| 504 | _aIncludes bibliographical references. | ||
| 650 | 0 |
_aTextile fibers, Synthetic -- Congresses. _xTextile fibers, Synthetic -- Congresses. _6S42459.1 |
|
| 700 | 1 |
_aPreston, Jack, 1931- _dPreston, Jack, 1931- _6A54730.1 |
|
| 710 | 2 |
_aAmerican Chemical Society. _6A9034.1 |
|
| 949 |
_aTS1548.5 _wlcc _i33729000314166 _mMAIN _p2500 _tBOOK _lON-SHELF |
||
| 004 | 96038 | ||
| 999 |
_c136073 _d136073 |
||